Pracovní prostředí při práci s tekutým kovem ve slévárnách

Bibliographic Details
Main Author: Pospíchal, Zdeněk, 1940- (Author)
Format: Article
Language:Slovak
Czech
PhysicalDescription:Obr. 4. Grafy 2. Res. rus., angl., lit. 11 zázn. v slov., češ.
Subjects:

MARC

LEADER 00000nab a2200000 a 4500
001 vtls000231308
003 SK-MaSNL
005 20260304072307.0
008 250423c1985 xo 0 slo
015 |a SNBRB19rr/mm-uuuuu 
035 |a CL0241422 
035 |a urn:nbn:sk:snk-abanqr 
035 |a (urnnbn)urn:nbn:sk:snk:ar-a0an1f 
035 |a (uuid)0030d532-0cec-4117-8d8e-4d0f6128be2a 
040 |a SNKBUCL  |b slo  |c SNKBUCL  |e AACR2 
041 0 |a cze 
044 |a xo  |c SK 
080 |a 621.74:669-14:331.82  |2 1981 
080 |a 669-14  |2 1981 
080 |a 331.82  |2 1981 
100 1 |a Pospíchal, Zdeněk,  |d 1940-  |4 aut  |9 7883 
245 1 0 |a Pracovní prostředí při práci s tekutým kovem ve slévárnách  |c Zdeněk Pospíchal 
300 |b Obr. 4. Grafy 2. Res. rus., angl., lit. 11 zázn. v slov., češ. 
650 0 7 |a zlievarne  |2 snkbucl  |9 22701 
650 0 7 |a pracovné prostredie  |2 snkbucl  |9 1299 
650 0 7 |a kovy tekuté  |2 snkbucl  |9 957483 
650 0 7 |a bezpečnosť práce  |2 snkbucl  |9 1296 
655 7 |a články z novín a časopisov  |2 snkbucl  |9 267496 
773 0 |t Bezpečná práca  |g Roč. 16, č. 5 (1985), s. 207-211 
850 |a Slovenská národná knižnica 
852 |a Slovenská národná knižnica 
954 |a odborná, vedecká literatúra cudzojazyčná (svetová)  |2 lita 
958 |a article14 
958 |a NB 
958 |a RK 
958 |a CZ 
958 |a OND 
958 |a EUIPO 
992 |a RBX 
999 |c 2765813  |d 2767743